000
00287nam a22001337a 4500
008
180907b xxu||||| |||| 00| 0 eng d
020
_a
639277686916
041
_a
eng
080
_a
821
100
_a
22
101
_a
GJU
245
_a
Renaissance Genius
_c
Galilet.G
942
_2
udc
_c
BK
999
_c
47606
_d
47606